|
|
|
|
| LEADER |
02062nam a2200445 i 4500 |
| 001 |
EBC1899500 |
| 003 |
MiAaPQ |
| 005 |
20200520144314.0 |
| 006 |
m o d | |
| 007 |
cr cnu|||||||| |
| 008 |
141020t20152015mdu ob 001 0 eng|d |
| 020 |
|
|
|z 9780739196748 (cloth alk. paper)
|
| 020 |
|
|
|a 9780739196755
|q (electronic bk.)
|
| 035 |
|
|
|a (MiAaPQ)EBC1899500
|
| 035 |
|
|
|a (Au-PeEL)EBL1899500
|
| 035 |
|
|
|a (CaPaEBR)ebr11025530
|
| 035 |
|
|
|a (CaONFJC)MIL681971
|
| 035 |
|
|
|a (OCoLC)898476918
|
| 040 |
|
|
|a MiAaPQ
|b eng
|e rda
|e pn
|c MiAaPQ
|d MiAaPQ
|
| 050 |
|
4 |
|a HE8700.65
|b .P47 2015
|
| 082 |
0 |
|
|a 302.23/45
|2 23
|
| 100 |
1 |
|
|a Perks, Lisa Glebatis,
|d 1980-
|e author.
|
| 245 |
1 |
0 |
|a Media marathoning :
|b immersions in morality /
|c Lisa Glebatis Perks.
|
| 264 |
|
1 |
|a Lanham, Maryland :
|b Lexington Books,
|c [2015]
|
| 264 |
|
4 |
|c 2015
|
| 300 |
|
|
|a 1 online resource (254 pages)
|
| 336 |
|
|
|a text
|2 rdacontent
|
| 337 |
|
|
|a computer
|2 rdamedia
|
| 338 |
|
|
|a online resource
|2 rdacarrier
|
| 504 |
|
|
|a Includes bibliographical references and index.
|
| 505 |
0 |
|
|a A walk through the wardrobe -- Behavioral patterns -- Emotional involvement -- Cognitive involvement -- Equipment for living morally -- Technocrat villain -- Ordinary hero -- Puppeteer -- Unlikely alliance -- Love and friendships -- The untenable position -- Moral ambiguity -- Postmodern immersion and interactivity.
|
| 588 |
|
|
|a Description based on print version record.
|
| 590 |
|
|
|a Electronic reproduction. Ann Arbor, MI : ProQuest, 2015. Available via World Wide Web. Access may be limited to ProQuest affiliated libraries.
|
| 650 |
|
0 |
|a Television viewers.
|
| 650 |
|
0 |
|a Television broadcasting
|x Social aspects.
|
| 650 |
|
0 |
|a Binge watching (Television)
|
| 655 |
|
4 |
|a Electronic books.
|
| 776 |
0 |
8 |
|i Print version:
|a Perks, Lisa Glebatis.
|t Media marathoning : immersions in morality.
|d Lanham, Maryland : Lexington Books, [2015]
|z 9780739196748
|
| 797 |
2 |
|
|a ProQuest (Firm)
|
| 856 |
4 |
0 |
|u https://ebookcentral.proquest.com/lib/matrademy/detail.action?docID=1899500
|z Click to View
|